ბათუმის შოთა რუსთაველის სახელმწიფო უნივერსიტეტის ბიბლიოთეკა

Fiber-optic communication systems / (ბიბ.ჩანაწერი № 57513)

000 -LEADER
fixed length control field 01693cam a2200373 a 4500
001 - CONTROL NUMBER
control field 12835417
005 - DATE AND TIME OF LATEST TRANSACTION
control field 20200701120006.0
008 - FIXED-LENGTH DATA ELEMENTS--GENERAL INFORMATION
fixed length control field 020627s2002 nyuab b 001 0 eng
010 ## - LIBRARY OF CONGRESS CONTROL NUMBER
LC control number 2002284080
020 ## - INTERNATIONAL STANDARD BOOK NUMBER
International Standard Book Number 0471215716
020 ## - INTERNATIONAL STANDARD BOOK NUMBER
International Standard Book Number 9780471215714
040 ## - CATALOGING SOURCE
Original cataloging agency DLC
Transcribing agency DLC
Modifying agency DLC
050 00 - LIBRARY OF CONGRESS CALL NUMBER
Classification number TK5103.59
Item number .A37 2002
080 ## - UNIVERSAL DECIMAL CLASSIFICATION NUMBER
Universal Decimal Classification number 621.39 A-18
082 00 - DEWEY DECIMAL CLASSIFICATION NUMBER
Classification number 621.382/75
Edition number 21
100 1# - MAIN ENTRY--PERSONAL NAME
Personal name Agrawal, G. P.
Fuller form of name (Govind P.),
Dates associated with a name 1951-
9 (RLIN) 8930
245 10 - TITLE STATEMENT
Title Fiber-optic communication systems /
Statement of responsibility, etc. Govind P. Agrawal.
250 ## - EDITION STATEMENT
Edition statement 3rd ed.
260 ## - PUBLICATION, DISTRIBUTION, ETC.
Place of publication, distribution, etc. New York :
Name of publisher, distributor, etc. Wiley-Interscience,
Date of publication, distribution, etc. c2002.
300 ## - PHYSICAL DESCRIPTION
Extent xvii, 546 p. :
Other physical details ill., map ;
Dimensions 25 cm.
Accompanying material + 1 CD-ROM (4 3/4 in.)
440 #0 - SERIES STATEMENT/ADDED ENTRY--TITLE
Title Wiley series in microwave and optical engineering
9 (RLIN) 8931
500 ## - GENERAL NOTE
General note "A Wiley-Interscience publication."
504 ## - BIBLIOGRAPHY, ETC. NOTE
Bibliography, etc. note Includes bibliographical references and index.
650 #0 - SUBJECT ADDED ENTRY--TOPICAL TERM
Topical term or geographic name entry element Optical communications.
9 (RLIN) 8932
650 #0 - SUBJECT ADDED ENTRY--TOPICAL TERM
Topical term or geographic name entry element Fiber optics.
9 (RLIN) 8933
653 ## - INDEX TERM--UNCONTROLLED
keyword ოპტიკურ-ბოჭკოვანი საკომუნიკაციო სისტემები
653 ## - INDEX TERM--UNCONTROLLED
keyword მიკროტალღური და ოპტიკური ინჟინერია
856 42 - ELECTRONIC LOCATION AND ACCESS
Materials specified Contributor biographical information
Uniform Resource Identifier http://www.loc.gov/catdir/bios/wiley044/2002284080.html
856 42 - ELECTRONIC LOCATION AND ACCESS
Materials specified Publisher description
Uniform Resource Identifier http://www.loc.gov/catdir/description/wiley036/2002284080.html
856 41 - ELECTRONIC LOCATION AND ACCESS
Materials specified Table of contents
Uniform Resource Identifier http://www.loc.gov/catdir/toc/wiley023/2002284080.html
906 ## - LOCAL DATA ELEMENT F, LDF (RLIN)
a 7
b cbc
c origcop
d 2
e ncip
f 20
g y-gencatlg
942 ## - ADDED ENTRY ELEMENTS (KOHA)
Source of classification or shelving scheme
Koha item type წიგნი
ეგზემპლარები
Withdrawn status Lost status Source of classification or shelving scheme Damaged status Not for loan Permanent Location Current Location Shelving location Date acquired Cost, normal purchase price Full call number Barcode Date last seen Copy number Price effective from Koha item type Public note
          ბათუმის შოთა რუსთაველის სახელმწიფო უნივერსიტეტის მთავარი ბიბლიოთეკა ბათუმის შოთა რუსთაველის სახელმწიფო უნივერსიტეტის მთავარი ბიბლიოთეკა წიგნსაცავი 2020-07-01 111.00 621.39 A-18 60711 2020-07-01 60711 2020-07-01 წიგნი 111 ლ.